000 00425nam a2200169Ia 4500
003 GCL
008 140319s9999 xx 000 0 eng d
040 _aGCL /
_cGCL
082 0 4 _a748.50282
_bB G
100 1 _aBROWN, SARAH
245 1 0 _aGLASS-PAINTERS /
_cBROWN, SARAH
260 _a[S.N] :
_bBRITISH MUSEUM PRESS ،
_c1991
300 _a72
650 0 4 _aGLASS - PAINTERS
650 0 4 _aGLASS, PAINTING
942 _2ddc
_cBK
999 _c23943
_d23943